=LDR 00000nam 2200000 4500 =001 NUTBA000000000005826 =005 20141111104147.0 =006 =007 =008 =020 ##$$a 978-979-2441-39-0 =035 ##$$a 0010-111400000000305 =040 ##$$a NBPDMAT =090 ##$$a 592 $b Can c =245 ##$$a Cantiknya terumbu karang/ $c Bachtiar DM, Ulfah Hidayat, Rizka Maghfur =250 ##$$a Cet.3 =260 ##$$a Jakarta : $b Citra Unggul Laksana, $c 2011 =300 ##$$a 64 hlm. : $b ilus. ; $c 20 cm. =500 ##$$a Bibliografi : hlm. 63 =650 ##$$a Terumbu Karang =700 ##$$a Bachtiar DM, $a Ulfah Hidayat, $a Rizka Maghfur =850 ##$$a NBPDMAT